Geology of Shawnee County, Kansas. (Record no. 30308)

MARC details
000 -LEADER
fixed length control field 01395cam a22003251 4500
001 - CONTROL NUMBER
control field gs 67000158
003 - CONTROL NUMBER IDENTIFIER
control field DLC
005 - DATE AND TIME OF LATEST TRANSACTION
control field 20260227111420.0
008 - FIXED-LENGTH DATA ELEMENTS--GENERAL INFORMATION
fixed length control field 760202s1967 dcuab b f000 0 eng c
010 ## - LIBRARY OF CONGRESS CONTROL NUMBER
LC control number gs 67000158
035 ## - SYSTEM CONTROL NUMBER
System control number (OCoLC)1962746
040 ## - CATALOGING SOURCE
Original cataloging agency U.S. Geol. Survey Libr.
Transcribing agency TxDaM
Modifying agency OCoLC
-- DLC
042 ## - AUTHENTICATION CODE
Authentication code premarc
050 00 - LIBRARY OF CONGRESS CALL NUMBER
Classification number QE75
Item number .B9 no. 1215
082 ## - DEWEY DECIMAL CLASSIFICATION NUMBER
Classification number 557.8163
100 1# - MAIN ENTRY--PERSONAL NAME
Personal name Johnson, William D.
245 10 - TITLE STATEMENT
Title Geology of Shawnee County, Kansas.
260 ## - PUBLICATION, DISTRIBUTION, ETC.
Place of publication, distribution, etc. Washington,
Name of publisher, distributor, etc. U.S. Govt. Print. Off.,
Date of publication, distribution, etc. 1967.
300 ## - PHYSICAL DESCRIPTION
Extent iii, 254 p.
Other physical details illus., maps (2 col.)
Dimensions 24 cm.
410 20 - SERIES STATEMENT/ADDED ENTRY--CORPORATE NAME [OBSOLETE, CAN/MARC], [LOCAL, USA]
Corporate name or jurisdiction name as entry element Geological Survey (U.S.)
Title of a work Bulletin
Volume number/sequential designation l215
500 ## - GENERAL NOTE
General note Part of illustrative matter fold. in pocket.
500 ## - GENERAL NOTE
General note Issued as separate chapters, A and B.
500 ## - GENERAL NOTE
General note "Prepared in cooperation with the State Geological Survey of Kansas as a part of a U. S. Department of the Interior program for the development of the Missouri River Basin."
505 0# - FORMATTED CONTENTS NOTE
Formatted contents note A. Geology of eastern Shawnee County, Kansas and vicinity, by W. D. Johnson, Jr. and W. L. Adkison.--B. Geology of western Shawnee County, Kansas and vicinity, by W. D. Johnson, Jr. and H. C. Wagner.
504 ## - BIBLIOGRAPHY, ETC. NOTE
Bibliography, etc. note Includes bibliographies.
650 #0 - SUBJECT ADDED ENTRY--TOPICAL TERM
Topical term or geographic name entry element Geology
Geographic subdivision Kansas
-- Shawnee County.
700 1# - ADDED ENTRY--PERSONAL NAME
Personal name Adkison, W. L.
Relator term jt. auth.
700 1# - ADDED ENTRY--PERSONAL NAME
Personal name Wagner, Holly Clyde,
Dates associated with a name 1918-
Relator term jt. author.
710 2# - ADDED ENTRY--CORPORATE NAME
Corporate name or jurisdiction name as entry element Kansas Geological Survey

No items available.

Powered by Koha